MARC

LEADER 00000nam0a2200000 4500
001 188670
005 20231101224141.0
010 |a 5254003944 
035 |a (RuTPU)RU\TPU\book\204920 
090 |a 188670 
100 |a 20101211d1991 k y0rusy50 ca 
101 0 |a rus 
102 |a RU 
105 |a a z 101zy 
200 1 |a САПР и микропроцессорная техника в сварочном производстве  |e материалы семинара  |f Общество "Знание" РСФСР ; Московский Дом научно-технической пропаганды 
210 |a Москва  |c Знание  |d 1991 
215 |a 156 с.  |c ил. 
320 |a Библиография в конце докладов. 
610 1 |a сварочное производство 
610 1 |a САПР 
610 1 |a системы автоматизированного проектирования 
610 1 |a микропроцессорная техника 
610 1 |a контактная сварка 
610 1 |a технологические процессы 
610 1 |a контроль 
610 1 |a сварные конструкции 
610 1 |a оборудование 
610 1 |a системы управления 
610 1 |a сварные соединения 
610 1 |a качество 
610 1 |a компьютерные модели 
610 1 |a диагностика 
610 1 |a управляющие системы 
610 1 |a измерительные системы 
610 1 |a семинары 
675 |a 621.791:658(063)  |v 3 
712 0 2 |a Общество "Знание" РСФСР  |c (Москва)  |2 stltpush  |3 (RuTPU)RU\TPU\col\7484 
712 0 2 |a Московский Дом научно-технической пропаганды  |2 stltpush  |3 (RuTPU)RU\TPU\col\7885  |9 24405 
712 1 2 |a САПР и микропроцессорная техника в сварочном производстве  |b семинар  |e Москва  |f [1991] 
801 1 |a RU  |b 63413507  |c 20101211 
801 2 |a RU  |b 63413507  |c 20110208  |g RCR 
942 |c BK